000 00319nam a2200109Ia 4500
008 171204s9999 xx 000 0 und d
245 _aDistancing: Avoidant Personality Disorder
245 _cMartin Kantor
260 _c2015
650 _xPERSONALITY THEORIES
856 _uhttp://down.ebook777.com/025/9780275978297.pdf
999 _c346468
_d346468